| Tag |
First Indicator |
Second Indicator |
Subfields |
| LEADER |
00000cam a2200000 4500 |
| 001 |
in00000063502 |
| 005 |
20151007083127.0 |
| 008 |
720901s1965 nyu b 00000 eng u |
| 010 |
|
|
|a 65011252
|
| 035 |
|
|
|a (OCoLC)00398279
|
| 035 |
|
|
|9 AAF8897AM
|
| 040 |
|
|
|c WSU
|d TXA
|d UtOrBLW
|
| 049 |
|
|
|a TXAM
|c [460937]
|
| 050 |
|
0 |
|a D1065.U5
|b B27
|
| 092 |
|
|
|a 327.73
|b B2615a
|
| 100 |
1 |
|
|a Barnet, Richard J.
|
| 245 |
1 |
0 |
|a After 20 years ;
|b alternatives to the cold war in Europe /
|c [by] Richard J. Barnet and Marcus G. Raskin.
|
| 264 |
|
1 |
|a New York :
|b Random House,
|c [1965]
|
| 300 |
|
|
|a 243 pages
|
| 336 |
|
|
|a text
|b txt
|2 rdacontent
|
| 337 |
|
|
|a unmediated
|b n
|2 rdamedia
|
| 338 |
|
|
|a volume
|b nc
|2 rdacarrier
|
| 504 |
|
|
|a Bibliographical references included in "Notes" (pages [205]-233).
|
| 651 |
|
0 |
|a Europe
|x Politics and government
|y 1945-
|
| 651 |
|
0 |
|a United States
|x Foreign relations
|z Europe.
|
| 700 |
1 |
|
|a Raskin, Marcus G.
|
| 999 |
|
|
|a MARS
|
| 999 |
f |
f |
|s e4fdb642-9aea-345d-822a-2b8f8fc03f4f
|i 224fb989-aec2-3fab-a54f-38791acb06cc
|t 0
|
| 952 |
f |
f |
|p ric
|a Texas A&M University
|b Rellis Campus
|c Joint Library Facility
|d Remote Storage
|t 0
|e D1065.U5 B27
|h Library of Congress classification
|i unmediated -- volume
|m A14800677189
|
| 998 |
f |
f |
|a D1065.U5 B27
|t 0
|l Remote Storage
|